000 00344nam a22001457a 4500
008 230828b ||||| |||| 00| 0 eng d
020 _a1930415172
041 _aeng
080 _a7
082 _27
100 _a19
101 _aART
245 _aPARADISE LOST PAINTINGS ON PAPER FROM THE 1940s AND 1950s
_cCLIFFORD ODETS
942 _2udc
_cBK
999 _c60203
_d60203